00630nam a2200217Ia 4500003000400000005001700004006001800021007000300039008004100042024001000083037001100093040001800104041001300122100001600135110005900151245009900210260000900309650000800318700002700326700005900353OSt20220930092336.0a|||||r|||| 00| 0ta220926b |||||||| |||| 00| 0 eng d a20489 cTheses aCRLcCRLbeng 2engaeng aNakra Neeru aUniversity of Delhi. Faculty of Law. Department of Law 0aInfringement of trade marks and passing off action in India b New dimension of trade mark law c2013 aLAW a Prof. Suman Gupta Gu. aUniversity of Delhi. Faculty of Law. Department of Law